JCT standard form of building contract 1980 edition: practice note 20: deciding the appropriate form of JCT main contract (Record no. 97553)

MARC details
000 -LEADER
fixed length control field 00595cam a2200205 4500
001 - CONTROL NUMBER
control field D6202
008 - FIXED-LENGTH DATA ELEMENTS--GENERAL INFORMATION
fixed length control field 090401t1982 xxu||||| |||| 00| 0 eng d
035 ## - SYSTEM CONTROL NUMBER
System control number (Sirsi) u90439
041 ## - LANGUAGE CODE
Language code of text/sound track or separate title eng
050 ## - LIBRARY OF CONGRESS CALL NUMBER
Classification number 692.8
110 ## - MAIN ENTRY--CORPORATE NAME
Corporate name or jurisdiction name as entry element Joint Contracts Tribunal
9 (RLIN) 3664
245 ## - TITLE STATEMENT
Title JCT standard form of building contract 1980 edition: practice note 20: deciding the appropriate form of JCT main contract
260 ## - PUBLICATION, DISTRIBUTION, ETC.
Name of publisher, distributor, etc. RIBA
Date of publication, distribution, etc. 1982
300 ## - PHYSICAL DESCRIPTION
Extent 6p. 30cm
350 ## - PRICE (NR) (BK AM CF MU VM SE) [OBSOLETE]
Price 0
490 ## - SERIES STATEMENT
Series statement JCT Practice Note
Volume/sequential designation 20
520 ## - SUMMARY, ETC.
Summary, etc. Filed in box JCT 1982/3 A (Archives only)
942 ## - ADDED ENTRY ELEMENTS (KOHA)
Suppress in OPAC 0
948 ## - LOCAL PROCESSING INFORMATION (OCLC); SERIES PART DESIGNATOR (RLIN)
c (OCLC) 04/03/1997
Holdings
Withdrawn status Lost status Source of classification or shelving scheme Damaged status Not for loan Home library Current library Shelving location Date acquired Total Checkouts Full call number Barcode Date last seen Copy number Price effective from Koha item type
    Dewey Decimal Classification     London London Boxed set 08/08/1991   JCT 1982/3 30016397 06/08/2019 1 06/08/2019 Reference material